Nomeie um Clube Brasileiro que já jogou Libertadores A-Z - Statistics

Estatísticas Gerais
  • Esse quiz foi jogado 699 vezes
    698 desde o último reset
  • A pontuação média é 10 de 12
Estatísticas das Respostas
Letra Time % Correto
F FortalezaFlamengo Fluminense
99%
C CoritibaCruzeiro Criciúma Coritiba Chapecoense Corinthians
98%
A América MineiroAtlético Mineiro Athletico Paranaense
97%
G GoiásGrêmio Guarani
97%
S Sport RecifeSantos São Paulo Santo André São Caetano
96%
P PaysanduParaná Palmeiras Paulista
94%
B BahiaBotafogo Bangu
92%
I Internacional
90%
V Vasco da Gama
87%
J Juventude
79%
N Naútico
64%
R Red Bull Bragantino
36%
Nenhum quiz correspondente encontrado
Distribuição das Pontuações
Porcentagem de Pessoas com Cada Pontuação
Percentil de Números Respondidos
Sua Pontuação Histórica
Você não jogou esse quiz desde o último reset